Кн. 2; Справочник конструктора-машиностроителя

التفاصيل البيبلوغرافية
Parent link:Справочник конструктора-машиностроителя: В 2 кн./ В. И. Анурьев. Кн. 2.— 4-е изд., перераб. и доп..— , 1973-
اللغة:الروسية
منشور في: 1973
الموضوعات:
التنسيق: كتاب
KOHA link:https://koha.lib.tpu.ru/cgi-bin/koha/opac-detail.pl?biblionumber=97047

MARC

LEADER 00000nam2a2200000 4500
001 97047
005 20231130140555.0
035 |a (RuTPU)RU\TPU\book\104013 
090 |a 97047 
100 |a 20060522d1973 km y0rusy50 ca 
101 0 |a rus 
102 |a RU 
105 |a a g 001zy 
200 0 |a Кн. 2 
210 |d 1973 
215 |a 576 с.  |c ил.  |e табл. 
320 |a Предм. указ.: с. 572-576. 
461 1 |0 (RuTPU)RU\TPU\book\66632  |t Справочник конструктора-машиностроителя  |o В 2 кн.  |f В. И. Анурьев  |v Кн. 2  |e 4-е изд., перераб. и доп.  |d 1973-  |s Библиотека конструктора 
606 1 |a Машиностроение  |x Конструирование  |9 61229 
610 1 |a конструирование 
610 1 |a детали 
610 1 |a узлы 
610 1 |a комплектующие изделия 
610 1 |a допуски 
610 1 |a посадки 
610 1 |a крепежные изделия 
610 1 |a смазочные материалы 
610 1 |a справочники 
675 |a 621.001.66(035)  |v 4  |z rus 
801 1 |a RU  |b 63413507  |c 20060522  |g PSBO 
801 2 |a RU  |b 63413507  |c 20220720  |g PSBO 
942 |c BK